000 00575nam a2200193Ia 4500
005 20260114185747.0
008 008 260114s9999 xx 000 0 eng d
020 _a9781350051867
037 _aEBOOK
040 _aCRL
_beng
_cCRL
041 _aeng
_2eng
084 _qCRL
100 _aLisa Fitzgerald
_9874065
245 0 _aDigital Vision and the Ecological Aesthetic (1968 - 2018)
260 _bBloomsbury
_c2020
856 _uhttps://doi.org/10.5040/9781350051867?locatt=label:secondary_bloomsburyCollections
942 _cEBOOK
999 _c1473001
_d1473001